El gran Meaulnes

Guardat en:
Dades bibliogràfiques
Autor principal: Fournier, Alain (Autor)
Format: Llibre
Idioma:espanyol
Publicat: Barcelona Ediciones B 1991
Edició:1a. ed
Col·lecció:Ocho Cuentos
Matèries:
Etiquetes: Afegir etiqueta
Sense etiquetes, Sigues el primer a etiquetar aquest registre!

MARC

LEADER 00000cam a2200000 a 4500
001 UCE7291
003 CL-VaPUC
008 150605e19910000sp |||||||||||||||||spa|d
020 |a 8440618492 
082 0 4 |a 843  |b FOU  |2 21 
100 0 |a Fournier, Alain  |e author  |9 579975 
245 1 3 |a El gran Meaulnes 
250 |a 1a. ed 
300 |a 249 p 
942 |c BK 
945 |d 20150605 14:50:00  |a dcastane 
260 |a Barcelona  |b Ediciones B  |c 1991 
650 0 |a Novela francesa  |9 264985 
650 0 |a Literatura francesa  |9 266330 
583 |a last modification  |c 20150605 14:50:00  |k Rodrigo Vera 
490 0 |a Ocho Cuentos 
999 |c 359392  |d 359390 
952 |0 0  |1 0  |3 erb  |4 0  |6 843_000000000000000_FOU_1991  |7 0  |8 A  |9 468563  |a BIBEDU  |b BIBEDU  |e Villagrán Garnham, Jorge  |i 5176972  |o 843 FOU 1991  |p 5176972  |r 2019-11-23  |w 2019-11-23  |y BK  |z Catalogado en:20150605  |k LIT